Taylor Swift songs - Debut - Statistics

General Stats
  • This quiz has been taken 960 times
  • The average score is 10 of 14
Answer Stats
Answer % Correct
1. tim mcgraw
97%
2. picture to burn
94%
11. our song
91%
3. teardrops on my guitar
91%
5. cold as you
83%
9. should've said no
81%
7. tied together with a smile
73%
6. the outside
72%
4. a place in this world
70%
8. stay beautiful
67%
14. a perfectly good heart
65%
12. i'm only me when i'm with you
62%
10. mary's song (oh my my my)
59%
13. invisible song
17%
No matching quizzes found
Score Distribution
Percent of People with Each Score
Percentile by Number Answered
Your Score History
You have not taken this quiz